Statistiques concernant Paroles Encanto Pour la vie

Cliquez ici pour prendre le quiz!

Statistiques générales

  • Ce quiz a été pris 49 fois
  • Le résultat moyen est 300 sur 451

Statistiques - réponses

Réponse% Correct
de
100%
ma
100%
Mais
100%
mais
100%
maison
100%
maison,
100%
Notre
100%
en
93%
fondations
93%
la
93%
nouvelle
93%
à
87%
Elle
87%
elle
87%
es
87%
est
87%
Et
87%
et
87%
famille
87%
famille,
87%
me
87%
ne
87%
n'est
87%
nouvelles
87%
On
87%
on
87%
Pas
87%
pas
87%
pas,
87%
Pour
87%
pour
87%
se
87%
un
87%
une
87%
veut
87%
Ce
80%
constellation
80%
des
80%
grande
80%
il
80%
Il
80%
j'ai
80%
J'ai
80%
je
80%
Je
80%
le
80%
Le
80%
nous
80%
Nous
80%
or
80%
Si
80%
si
80%
ta
80%
t'a
80%
Tout
80%
tout
80%
Tu
80%
tu
80%
vie,
80%
vie
80%
vous,
80%
vous
80%
Vous
80%
bonheur
73%
brille
73%
brûle
73%
c'est
73%
C'est
73%
chacun
73%
cœur
73%
du
73%
ensemble
73%
les
73%
Les
73%
l'on
73%
mariage
73%
moi,
73%
moi
73%
Mon
73%
Oui
73%
oui
73%
plus
73%
que
73%
te
73%
ton
73%
voulais
73%
as
67%
beau,
67%
croit
67%
d'abord,
67%
flamboyant
67%
fort,
67%
fort
67%
jamais
67%
membres
67%
miracle,
67%
miracle
67%
Pepa,
67%
peu
67%
plaisir
67%
Quel
67%
rentré
67%
Rien
67%
sois
67%
t'ai
67%
voir
67%
allons
60%
alors
60%
Alors
60%
Bruno
60%
car
60%
changent
60%
chaque
60%
constellations
60%
cousine,
60%
d'amour
60%
désolé,
60%
dire
60%
Donc
60%
faut
60%
impossible
60%
jour
60%
l'air
60%
magie
60%
m'en
60%
mère,
60%
n'êtes
60%
nuit
60%
nuit,
60%
parfois
60%
parler
60%
parti,
60%
peine,
60%
perdu
60%
Qu'il
60%
qu'il
60%
sais,
60%
t'aime
60%
tenais
60%
travaille
60%
autre
53%
beaucoup
53%
ciel
53%
comme
53%
connais-tu
53%
d'engrais
53%
d'la
53%
Dolores
53%
donner
53%
espoir,
53%
été
53%
étoiles
53%
étoiles,
53%
excuse
53%
fasse
53%
forte
53%
haut
53%
important
53%
jouer
53%
j'y
53%
l'entendais
53%
l'essentiel
53%
L'étoile
53%
maintenant,
53%
Mariano,
53%
m'excuser
53%
n'avait
53%
n'était
53%
oh,
53%
parles
53%
Qu'est-ce
53%
réconfort
53%
soit
53%
soleil
53%
sont
53%
sur
53%
Tes
53%
tes
53%
toi
53%
tort
53%
toucher
53%
trop
53%
vais
53%
Votre
53%
y'a
53%
C'était
47%
Cette
47%
cette
47%
comptez
47%
devenue
47%
dure,
47%
écris
47%
épreuve,
47%
épreuve
47%
fille
47%
force
47%
gens
47%
gérer
47%
Hey,
47%
immense
47%
J'attends
47%
manque,
47%
même
47%
Non,
47%
non
47%
Ouais,
47%
parfait,
47%
poèmes
47%
présage
47%
quatre
47%
ressemble
47%
saisons
47%
s'appelle
47%
s'enchaînent
47%
seuls,
47%
seuls
47%
t'adore
47%
tellement
47%
t'occupes
47%
transpirer
47%
unis
47%
unis,
47%
valez
47%
vois
47%
vois...
47%
vraiment
47%
avant
40%
construire
40%
d'elle-même
40%
depuis
40%
disparaissent
40%
Telles
40%
dormir
40%
doucement
40%
Eh,
40%
Eh
40%
entend
40%
environs
40%
équipe,
40%
frérot
40%
grandira
40%
j'aime
40%
j'apprendrai
40%
longtemps
40%
personne
40%
plante
40%
pleuve
40%
porte
40%
souri
40%
souris
40%
t'entends,
40%
vue
40%
D'accord,
33%
dans
33%
destin
33%
fois,
33%
l'est,
33%
poignée
33%
qu'importe
33%
Quoi?
33%
retrouvés
33%
s'marie
33%
yeux
33%
yeux,
33%
brilles
27%
Chère
27%
détail
27%
feux,
27%
gardions
27%
Juste
27%
mille
27%
Ouvre
27%
suit
27%
t'offenser
27%
tour,
27%
très
27%
voit
27%
entrions
20%
Qu'est-c'qu'on
13%
suite,
13%
Abra
7%
los
7%
ojos
7%

Distribution des résultats

Percentile par nombre de réponses

% des personnes avec chaque résultat

Votre développement - résultats

Vous n’avez pas pris ce quiz